Fast Typing - Statistics

General Stats
  • This quiz has been taken 48 times
  • The average score is 22 of 26
Answer Stats
Answer Letter % Correct
A A
100%
B B
93%
C C
93%
D D
93%
E E
93%
F F
93%
G G
90%
H H
90%
I I
90%
J J
90%
K K
90%
L L
83%
M M
79%
N N
79%
O O
79%
P P
79%
Q Q
79%
R R
79%
S S
79%
T T
79%
U U
79%
V V
79%
W W
79%
X X
79%
Y Y
76%
Z Z
76%
No matching quizzes found
Score Distribution
Percent of People with Each Score
Percentile by Number Answered
Your Score History
You have not taken this quiz